Shakespeares tragedies (Record no. 103510)
[ view plain ]
| 000 -LEADER | |
|---|---|
| fixed length control field | 00665nam a2200241Ia 4500 |
| 003 - CONTROL NUMBER IDENTIFIER | |
| control field | OSt |
| 005 - DATE AND TIME OF LATEST TRANSACTION | |
| control field | 20260218091313.0 |
| 008 - FIXED-LENGTH DATA ELEMENTS--GENERAL INFORMATION | |
| fixed length control field | 210210b1998 xxu||||| |||| 00| 0 eng d |
| 020 ## - INTERNATIONAL STANDARD BOOK NUMBER | |
| International Standard Book Number | 0 333 63219 2 |
| 040 ## - CATALOGING SOURCE | |
| Transcribing agency | AL |
| 041 ## - LANGUAGE CODE | |
| Language code of text/sound track or separate title | English |
| 082 ## - DEWEY DECIMAL CLASSIFICATION NUMBER | |
| Classification number | 820.9 PECS |
| 100 ## - MAIN ENTRY--PERSONAL NAME | |
| Personal name | John Peck |
| 9 (RLIN) | 255442 |
| 245 ## - TITLE STATEMENT | |
| Title | Shakespeares tragedies |
| Remainder of title | : New casebooks |
| 260 ## - PUBLICATION, DISTRIBUTION, ETC. | |
| Place of publication, distribution, etc. | London |
| Name of publisher, distributor, etc. | Macmillan Press Ltd |
| Date of publication, distribution, etc. | 1998 |
| 300 ## - PHYSICAL DESCRIPTION | |
| Extent | 295 |
| 650 ## - SUBJECT ADDED ENTRY--TOPICAL TERM | |
| Topical term or geographic name entry element | Shakespear's tragedies Critical Essays New Case Books |
| 9 (RLIN) | 255446 |
| 690 ## - LOCAL SUBJECT ADDED ENTRY--TOPICAL TERM (OCLC, RLIN) | |
| Topical term or geographic name as entry element | English Criticism |
| 9 (RLIN) | 255452 |
| 700 ## - ADDED ENTRY--PERSONAL NAME | |
| Personal name | Coyle, Martin |
| 9 (RLIN) | 255453 |
| 700 ## - ADDED ENTRY--PERSONAL NAME | |
| Personal name | Zimmerman ,Susan Ed |
| 9 (RLIN) | 255454 |
| 906 ## - LOCAL DATA ELEMENT F, LDF (RLIN) | |
| a | 056079 |
| 942 ## - ADDED ENTRY ELEMENTS (KOHA) | |
| Source of classification or shelving scheme | Dewey Decimal Classification |
| Koha item type | Book |
| Withdrawn status | Lost status | Damaged status | Not for loan | Collection code | Home library | Current library | Shelving location | Date acquired | Source of acquisition | Cost, normal purchase price | Total Checkouts | Full call number | Barcode | Date last seen | Date last checked out | Price effective from | Koha item type |
|---|---|---|---|---|---|---|---|---|---|---|---|---|---|---|---|---|---|
| St Aloysius Library | St Aloysius Library | 02/17/2021 | Sita Book House, Mangalore. | 310.00 | 1 | 820.9 PECS | 056079 | 02/18/2026 | 02/10/2026 | 02/17/2021 | Book |